[Event "38th Nezhmetdinov Mem"]
[Site "Kazan RUS"]
[Date "2016.06.06"]
[Round "7.1"]
[White "Shomoev, Anton"]
[Black "Pridorozhni, Aleksei"]
[Result "0-1"]
[WhiteTitle "GM"]
[BlackTitle "GM"]
[WhiteElo "2553"]
[BlackElo "2552"]
[WhiteFideId "4135148"]
[BlackFideId "4127870"]
[EventDate "2016.05.31"]

1. e4 e5 2. Nf3 Nc6 3. Bb5 Nf6 4. O-O Nxe4 5. Re1 Nd6 6. Nxe5 Be7 7. Bf1 O-O 8.
d4 Nf5 9. Nf3 d5 10. c3 Bd6 11. Bd3 Re8 12. Rxe8+ Qxe8 13. Qc2 g6 14. Nbd2 Nce7
15. Nf1 f6 16. Bd2 b6 17. Re1 c5 18. dxc5 bxc5 19. c4 d4 20. b4 Qd7 21. Ng3 Nxg3
22. hxg3 Bb7 23. b5 Re8 24. a4 Kg7 25. Be4 Nc8 26. Bxb7 Rxe1+ 27. Nxe1 Qxb7 28.
Kf1 Qf7 29. a5 g5 30. Nd3 Qh5 31. Kg1 Qe2 32. Nc1 Qe6 33. Qd3 Be7 34. Nb3 Bd6
35. Kf1 Ne7 36. a6 Nc8 37. Ba5 g4 38. Be1 Nb6 39. Na5 h5 40. Qe2 Be5 41. Qd3 Bc7
42. f3 gxf3 43. Qxf3 Nxc4 44. Qb7 Ne3+ 45. Kg1 Kg6 46. Qxc7 Ng4 47. Bd2 Qe2 48.
Qf4 Qd1+ 49. Qf1 Qxd2 50. Nc4 Qc2 51. b6 axb6 52. Na3 Qa4 53. Nc4 b5 54. Nd6 Ne3
55. Qb1+ f5 56. g4 hxg4 57. Qxb5 Qd1+ 58. Kh2 g3+ 59. Kxg3 Qg4+ 60. Kf2 Qxg2+
61. Ke1 Qg1+ 62. Ke2 0-1

[Event "38th Nezhmetdinov Mem"]
[Site "Kazan RUS"]
[Date "2016.06.06"]
[Round "7.2"]
[White "Iljiushenok, Ilia"]
[Black "Kokarev, Dmitry"]
[Result "0-1"]
[WhiteTitle "IM"]
[BlackTitle "GM"]
[WhiteElo "2499"]
[BlackElo "2622"]
[WhiteFideId "24105074"]
[BlackFideId "4132181"]
[EventDate "2016.05.31"]

1. e4 c5 2. Nf3 d6 3. d4 cxd4 4. Nxd4 Nf6 5. Nc3 a6 6. Bg5 Nbd7 7. Qe2 e6 8. f4
Qc7 9. O-O-O b5 10. a3 Bb7 11. g4 Be7 12. Bg2 Qc4 13. Qe1 b4 14. axb4 Qxb4 15.
Bh4 h6 16. Nb3 Nc5 17. Nxc5 dxc5 18. f5 Rb8 19. Bg3 O-O 20. Bxb8 Rxb8 21. Rd3 c4
22. Rg3 Bxe4 23. Bxe4 Qxb2+ 24. Kd1 Rd8+ 25. Ke2 Nxe4 26. Nxe4 Qxc2+ 27. Kf3
Rd3+ 28. Kf4 e5+ 29. Kxe5 Qb2+ 30. Nc3 Qb8+ 0-1

[Event "38th Nezhmetdinov Mem"]
[Site "Kazan RUS"]
[Date "2016.06.06"]
[Round "7.3"]
[White "Yudin, Sergei"]
[Black "Harutyunian, Tigran K."]
[Result "0-1"]
[WhiteTitle "GM"]
[BlackTitle "IM"]
[WhiteElo "2530"]
[BlackElo "2452"]
[WhiteFideId "4159659"]
[BlackFideId "13303635"]
[EventDate "2016.05.31"]

1. e4 e5 2. Nf3 Nc6 3. Bc4 Bc5 4. c3 Nf6 5. d3 a6 6. O-O Ba7 7. Bg5 d6 8. a4 h6
9. Bh4 g5 10. Bg3 Ne7 11. Nbd2 Ng6 12. d4 Qe7 13. Re1 Nh7 14. h3 h5 15. Nf1 g4
16. hxg4 Bxg4 17. Ne3 O-O-O 18. Nxg4 hxg4 19. Nh2 Nf6 20. Qd3 Nh5 21. Bxa6 Nxg3
22. fxg3 c6 23. Nxg4 exd4 24. cxd4 Ne5 25. Qd1 Nxg4 26. Qxg4+ Kb8 27. Rad1 Qf6 0-1

[Event "38th Nezhmetdinov Mem"]
[Site "Kazan RUS"]
[Date "2016.06.06"]
[Round "7.4"]
[White "Timofeev, Artyom"]
[Black "Baghdasaryan, Vahe"]
[Result "1/2-1/2"]
[WhiteTitle "GM"]
[BlackTitle "IM"]
[WhiteElo "2598"]
[BlackElo "2441"]
[WhiteFideId "4140419"]
[BlackFideId "13303139"]
[EventDate "2016.05.31"]

1. d4 d5 2. c4 c6 3. Nf3 Nf6 4. Nc3 dxc4 5. a4 Bf5 6. e3 e6 7. Bxc4 Bb4 8. O-O
O-O 9. Nh4 Nbd7 10. f3 Rc8 11. e4 Bg6 12. Nxg6 hxg6 13. Qb3 Nb6 14. Rd1 c5 15.
Bf1 a5 16. Na2 c4 17. Qc2 Be7 18. Nc3 Nh5 19. g4 Nf6 20. Be3 Nfd7 21. f4 g5 22.
e5 gxf4 23. Bxf4 Bg5 24. Bg3 Nd5 25. Nxd5 exd5 26. Ra3 Rc6 27. Qf5 Rb6 28. Qf2
Rb4 29. Qc2 Be7 30. Be1 Rb6 31. Rh3 Rg6 32. Qf5 Nb6 33. Bxa5 Qd7 34. Qxd7 Nxd7
35. Bg2 Rxg4 36. Rg3 Rxg3 37. hxg3 Ra8 38. Bc3 Nb6 39. a5 Na4 40. Bxd5 Nxc3 41.
bxc3 Rxa5 42. Bxc4 b5 43. Bb3 Ra3 44. Rb1 Bg5 45. Kg2 Bd2 46. Kf3 Bxc3 47. Ke4
Ra1 48. Rxa1 Bxa1 49. d5 Kf8 50. d6 Ke8 51. g4 g6 52. g5 b4 53. Kd5 Bc3 54. Bc2
Bd2 55. Kc6 Kd8 56. Bb3 Bf4 57. Bxf7 Bxe5 58. Bxg6 Bf4 59. Bf7 1/2-1/2

[Event "38th Nezhmetdinov Mem"]
[Site "Kazan RUS"]
[Date "2016.06.06"]
[Round "7.5"]
[White "Shariyazdanov, Andrey"]
[Black "Bocharov, Dmitry"]
[Result "1/2-1/2"]
[WhiteTitle "GM"]
[BlackTitle "GM"]
[WhiteElo "2527"]
[BlackElo "2597"]
[WhiteFideId "4122747"]
[BlackFideId "4138716"]
[EventDate "2016.05.31"]

1. Nf3 d5 2. d4 Nf6 3. Bf4 c5 4. c3 e6 5. e3 Nc6 6. Nbd2 Bd6 7. Bg3 O-O 8. Bd3
b6 9. O-O Bb7 10. Re1 Bxg3 11. hxg3 Re8 12. dxc5 bxc5 13. e4 Rb8 14. exd5 exd5
15. Rxe8+ Qxe8 16. Qa4 Qd8 17. Qf4 Ba8 18. Rb1 Qb6 19. g4 h6 20. g5 hxg5 21.
Nxg5 Re8 22. Ndf3 Re7 23. Qh4 g6 24. Qh6 Nd8 25. Nh4 c4 26. Bxg6 Qxf2+ 27. Kxf2
Ng4+ 28. Kg1 Nxh6 29. Bc2 Re2 30. Bd1 Re1+ 31. Kf2 Rh1 32. Kg3 Ne6 33. Nxe6 fxe6
34. Bc2 Rxb1 35. Bxb1 Kg7 36. Nf3 Nf7 37. b3 cxb3 38. axb3 Kf6 39. Kf2 Nd6 40.
Ke3 Nb5 41. Kd2 e5 42. Bd3 Nd6 43. Bc2 a5 44. g4 d4 45. g5+ Ke6 46. Ne1 dxc3+
47. Kxc3 Nb5+ 48. Kc4 Nd4 49. b4 axb4 50. Kxb4 Nxc2+ 1/2-1/2

[Event "38th Nezhmetdinov Mem"]
[Site "Kazan RUS"]
[Date "2016.06.06"]
[Round "7.6"]
[White "Ponkratov, Pavel"]
[Black "Gabrielian, Artur"]
[Result "0-1"]
[WhiteTitle "GM"]
[BlackTitle "GM"]
[WhiteElo "2595"]
[BlackElo "2520"]
[WhiteFideId "4157800"]
[BlackFideId "4131002"]
[EventDate "2016.05.31"]

1. Nf3 Nf6 2. d4 g6 3. c4 Bg7 4. Nc3 O-O 5. e4 d6 6. Be2 e5 7. O-O Nc6 8. d5 Ne7
9. b4 a5 10. Ba3 axb4 11. Bxb4 Nd7 12. Ne1 f5 13. Nd3 fxe4 14. Nxe4 Nf6 15. Bf3
Bf5 16. Re1 Nxe4 17. Bxe4 Bxe4 18. Rxe4 Kh8 19. a4 c6 20. Qb3 cxd5 21. cxd5 Qb6
22. a5 Qb5 23. Rb1 Qxd5 24. Qxd5 Nxd5 25. Bxd6 Nc3 26. Bxf8 Bxf8 27. Ree1 Nxb1
28. Rxb1 Rxa5 29. g3 Rd5 30. Rb3 b5 31. Kg2 e4 32. Nf4 Re5 33. Rc3 Bc5 34. Rc2
Kg8 35. Ra2 b4 36. h4 Kf7 37. Ra8 Re8 38. Ra5 Bd6 39. Nh3 h6 40. Ra6 Be5 41.
Ra7+ Kg8 42. Ra4 Rb8 0-1

[Event "38th Nezhmetdinov Mem"]
[Site "Kazan RUS"]
[Date "2016.06.06"]
[Round "7.7"]
[White "Lintchevski, Daniil"]
[Black "Vignesh, N R"]
[Result "1-0"]
[WhiteTitle "GM"]
[BlackTitle "IM"]
[WhiteElo "2566"]
[BlackElo "2432"]
[WhiteFideId "4171055"]
[BlackFideId "25012215"]
[EventDate "2016.05.31"]

1. Nf3 Nf6 2. g3 d5 3. Bg2 c6 4. O-O Bg4 5. d3 Nbd7 6. Qe1 e5 7. e4 dxe4 8. dxe4
Bc5 9. Nbd2 O-O 10. h3 Bh5 11. Nh4 Re8 12. Nb3 Bb6 13. a4 Nc5 14. Nxc5 Bxc5 15.
a5 Nd7 16. Nf5 Bg6 17. Qe2 Bxf5 18. exf5 e4 19. Rd1 Qc8 20. Qc4 e3 21. fxe3 a6
22. Rxd7 Qxd7 23. Qxc5 Qd1+ 24. Kf2 Qh5 25. e4 Rad8 26. Be3 Rd1 27. Bf3 Qxf3+
28. Kxf3 Rxa1 29. Qb6 Rf1+ 30. Bf2 Ra1 31. b4 g6 32. f6 1-0

[Event "38th Nezhmetdinov Mem"]
[Site "Kazan RUS"]
[Date "2016.06.06"]
[Round "7.8"]
[White "Smirnov, Pavel"]
[Black "Nebolsina, Vera"]
[Result "1-0"]
[WhiteTitle "GM"]
[BlackTitle "WGM"]
[WhiteElo "2564"]
[BlackElo "2186"]
[WhiteFideId "4123425"]
[BlackFideId "4163591"]
[EventDate "2016.05.31"]

1. d4 Nf6 2. c4 c5 3. d5 b5 4. cxb5 a6 5. e3 axb5 6. Bxb5 Qa5+ 7. Nc3 Bb7 8. Bd2
Qb6 9. Nf3 Nxd5 10. Nxd5 Bxd5 11. a4 Qg6 12. O-O e6 13. Bc3 Be7 14. Qe2 O-O 15.
Rfd1 Nc6 16. e4 Bxe4 17. Rxd7 Bd8 18. Rxd8 Raxd8 19. Nh4 Nd4 20. Bxd4 Qg5 21.
Bc3 Ba8 22. Qe5 Qh6 23. Qg3 Rd5 24. Nf3 Rf5 25. Bd3 Rh5 26. h3 e5 27. Nxe5 Rg5
28. Ng4 Qb6 29. h4 1-0

[Event "38th Nezhmetdinov Mem"]
[Site "Kazan RUS"]
[Date "2016.06.06"]
[Round "7.9"]
[White "Predke, Alexandr"]
[Black "Moskalenko, Alexander"]
[Result "1-0"]
[BlackTitle "IM"]
[WhiteElo "2535"]
[BlackElo "2464"]
[WhiteFideId "24107581"]
[BlackFideId "4155351"]
[EventDate "2016.05.31"]

1. e4 c5 2. Nf3 d6 3. d4 cxd4 4. Nxd4 Nf6 5. Nc3 g6 6. Be3 Bg7 7. f3 Nc6 8. Qd2
O-O 9. Bc4 Bd7 10. O-O-O Rc8 11. Bb3 Nxd4 12. Bxd4 b5 13. Nd5 Nxd5 14. Bxg7 Kxg7
15. exd5 a5 16. a3 Kg8 17. Rhe1 b4 18. axb4 axb4 19. Qxb4 Rc5 20. Rd3 Qa8 21.
Rxe7 Qa1+ 22. Kd2 Qf1 23. Re2 Ra8 24. Rde3 Ra1 25. c4 Qc1+ 26. Kd3 Qb1+ 27. Kd4
Ra8 28. Qb6 Rac8 29. Qxd6 R5c7 30. Qf4 Ba4 31. d6 Ra7 32. Re7 Qg1+ 33. Qe3 Qxh2
34. Rxa7 Bxb3 35. Qxb3 Qxd6+ 36. Kc3 Rd8 37. Qb7 Qd4+ 38. Kb3 Qd3+ 39. Kb4 Qd6+
40. Ka4 Qd1+ 41. b3 Kh8 42. Qxf7 Qa1+ 43. Kb5 Rb8+ 44. Rb7 Rxb7+ 45. Qxb7 1-0

[Event "38th Nezhmetdinov Mem"]
[Site "Kazan RUS"]
[Date "2016.06.06"]
[Round "7.11"]
[White "Severina, Maria"]
[Black "Fedorov, Alexei"]
[Result "0-1"]
[WhiteTitle "WIM"]
[BlackTitle "GM"]
[WhiteElo "2330"]
[BlackElo "2565"]
[WhiteFideId "4116909"]
[BlackFideId "13500465"]
[EventDate "2016.05.31"]

1. d4 Nf6 2. c4 g6 3. Nc3 Bg7 4. e4 d6 5. Nf3 O-O 6. Be2 Bg4 7. Be3 Nfd7 8. Ng1
Bxe2 9. Ngxe2 a6 10. O-O c5 11. dxc5 Nxc5 12. Rc1 Nc6 13. b3 Qa5 14. f3 b5 15.
cxb5 axb5 16. Nd5 e6 17. b4 Qa3 18. bxc5 exd5 19. Bf2 Nb4 20. Rb1 Nd3 21. Bd4
Bxd4+ 22. Nxd4 Qc3 23. Nxb5 Qxc5+ 24. Kh1 Nf2+ 25. Rxf2 Qxf2 26. a4 dxe4 27.
fxe4 Rfc8 28. Qd5 Rxa4 29. Nxd6 Rd8 30. Qe5 Qd4 0-1

[Event "38th Nezhmetdinov Mem"]
[Site "Kazan RUS"]
[Date "2016.06.06"]
[Round "7.12"]
[White "Rozum, Ivan"]
[Black "Sargissyan, Sargis"]
[Result "1-0"]
[WhiteTitle "GM"]
[BlackTitle "FM"]
[WhiteElo "2559"]
[BlackElo "2340"]
[WhiteFideId "24104272"]
[BlackFideId "13303210"]
[EventDate "2016.05.31"]

1. Nf3 Nf6 2. g3 g6 3. b3 Bg7 4. Bb2 O-O 5. Bg2 c5 6. c4 Nc6 7. O-O d6 8. d4 Ne4
9. e3 Bg4 10. Qc1 f5 11. d5 Bxf3 12. Bxf3 Bxb2 13. Qxb2 Ne5 14. Bg2 Qe8 15. f4
Ng4 16. Bxe4 fxe4 17. Nc3 Nf6 18. Qg2 e5 19. f5 gxf5 20. Rxf5 Qg6 21. Raf1 Ng4
22. Rxf8+ Rxf8 23. Rxf8+ Kxf8 24. Nxe4 Ke7 25. Qf3 Qh5 26. h4 Qg6 27. Nf2 h5 28.
e4 Nf6 29. Kg2 Ke8 30. Qf5 Qxf5 31. exf5 Ng4 32. Nxg4 hxg4 33. h5 Kf7 34. h6 Kf6
35. Kf2 Kf7 36. Ke3 Kf6 37. Ke4 Kf7 38. h7 Kg7 39. f6+ Kxh7 40. Kf5 1-0

[Event "38th Nezhmetdinov Mem"]
[Site "Kazan RUS"]
[Date "2016.06.06"]
[Round "7.13"]
[White "Maiorov, Nikita1"]
[Black "Pershin, Denis"]
[Result "1-0"]
[WhiteTitle "GM"]
[WhiteElo "2538"]
[BlackElo "2336"]
[WhiteFideId "13501720"]
[BlackFideId "24165506"]
[EventDate "2016.05.31"]

1. c4 Nf6 2. Nf3 e6 3. g3 d5 4. b3 Be7 5. Bg2 O-O 6. O-O c5 7. Bb2 Nc6 8. e3 b6
9. Nc3 Bb7 10. cxd5 Nxd5 11. Nxd5 Qxd5 12. d4 Rad8 13. Ne5 Qd6 14. dxc5 Qxc5 15.
Nd7 Qg5 16. h4 Qh6 17. Rc1 Nb8 18. Nxf8 Rxd1 19. Rfxd1 Bd5 20. Rc8 Bxf8 21. Rxb8
Qh5 22. Rc1 Bxg2 23. Ba3 h6 24. Kxg2 Kh7 25. Rxf8 Qd5+ 26. Kg1 Qa5 27. Rxf7 Qxa3
28. Rcc7 Kg6 29. Rxg7+ Kf5 30. Rgf7+ Ke4 31. Rf4+ Kd3 32. Rd4+ Ke2 33. Rc2+ Ke1
34. Rdd2 Qa5 35. Re2+ Kd1 36. e4 e5 37. f3 b5 38. Kh2 b4 39. Rcd2+ Kc1 40. Rg2 1-0

[Event "38th Nezhmetdinov Mem"]
[Site "Kazan RUS"]
[Date "2016.06.06"]
[Round "7.14"]
[White "Karpeshov, Oleg"]
[Black "Tsydypov, Zhamsaran"]
[Result "0-1"]
[WhiteTitle "IM"]
[BlackTitle "IM"]
[WhiteElo "2323"]
[BlackElo "2438"]
[WhiteFideId "4106814"]
[BlackFideId "4108566"]
[EventDate "2016.05.31"]

1. Nf3 c5 2. c4 Nc6 3. Nc3 e5 4. e3 d6 5. d4 Nf6 6. dxc5 dxc5 7. Qxd8+ Kxd8 8.
Bd2 Bf5 9. Nh4 Be6 10. b3 e4 11. f4 Be7 12. g3 h6 13. f5 Bd7 14. Be2 Kc8 15.
O-O-O Ne5 16. Rhf1 Re8 17. h3 h5 18. Be1 Bd8 19. Nb5 Bxb5 20. cxb5 Nd3+ 21. Bxd3
exd3 22. Rxd3 a6 23. bxa6 Rxa6 24. Kb1 Ne4 25. Ng2 Bf6 26. Nf4 Be5 27. Rg1 Rf6
28. g4 hxg4 29. hxg4 Rh6 30. Nd5 b5 31. f6 gxf6 32. Nb6+ Kb7 33. Nd7 c4 34. bxc4
bxc4 35. Rd1 Bd6 36. Rf1 Kc6 37. g5 Rh2 38. Rxd6+ Nxd6 39. Nxf6 Rb8+ 0-1

[Event "38th Nezhmetdinov Mem"]
[Site "Kazan RUS"]
[Date "2016.06.06"]
[Round "7.15"]
[White "Khegay, Dmitriy"]
[Black "Samusenko, Maksim"]
[Result "1-0"]
[WhiteTitle "FM"]
[BlackTitle "FM"]
[WhiteElo "2434"]
[BlackElo "2329"]
[WhiteFideId "24153729"]
[BlackFideId "4112253"]
[EventDate "2016.05.31"]

1. d4 Nf6 2. c4 g6 3. Nc3 Bg7 4. e4 d6 5. Be2 O-O 6. Be3 c6 7. Nf3 Ng4 8. Bg5 h6
9. Bh4 Na6 10. O-O Nf6 11. e5 dxe5 12. dxe5 Qxd1 13. Bxd1 Nd7 14. Bxe7 Re8 15.
Bd6 Nxe5 16. Bxe5 Bxe5 17. Re1 f6 18. Bc2 Bf5 19. Bxf5 gxf5 20. Nxe5 fxe5 21.
Rad1 Re7 22. Rd6 Kg7 23. Re3 f4 24. Re2 Nc7 25. Rd1 Rf8 26. Rde1 Rf5 27. g4 fxg3
28. hxg3 Ref7 29. Ne4 Ne8 30. Rd1 Re7 31. Kg2 Rf8 32. Rde1 b6 33. Nd2 Ref7 34.
f4 Nd6 35. Rxe5 Nf5 36. Nf3 c5 37. Rd5 Kh7 38. Ree5 Kg7 39. Re4 Kh7 40. g4 Ne7
41. Rd7 Nc6 42. Rxf7+ Rxf7 43. g5 Rc7 44. Kg3 hxg5 45. Nxg5+ Kg6 46. Kg4 Nd4 47.
Ne6 Nxe6 48. Rxe6+ Kf7 49. Rh6 Kg7 50. Kg5 Rd7 51. Rc6 Rb7 52. b3 Rd7 53. f5 Kf7
54. Rh6 Kg8 55. Rg6+ Kf7 56. f6 Ke6 57. Rg7 Rd2 58. Re7+ Kd6 59. Rxa7 Rg2+ 60.
Kh6 Ke6 61. f7 Rf2 62. Kg7 1-0

[Event "38th Nezhmetdinov Mem"]
[Site "Kazan RUS"]
[Date "2016.06.06"]
[Round "7.16"]
[White "Nesterov, Arseniy"]
[Black "Mohammad, Nubairshah Shaikh"]
[Result "1/2-1/2"]
[WhiteElo "2273"]
[BlackElo "2413"]
[WhiteFideId "24198455"]
[BlackFideId "5053196"]
[EventDate "2016.05.31"]

1. d4 Nf6 2. c4 g6 3. Nc3 Bg7 4. e4 d6 5. Be2 O-O 6. Bg5 c5 7. d5 e6 8. Qd2 exd5
9. exd5 Re8 10. Nf3 Bg4 11. O-O Nbd7 12. h3 Bxf3 13. Bxf3 a6 14. a4 Qa5 15. Qc2
h5 16. Bd2 Qd8 17. Be2 Nh7 18. f4 Bd4+ 19. Kh2 f5 20. Bd3 Nhf6 21. g3 Qe7 22.
Rae1 Qh7 23. Kg2 Kf7 24. Rxe8 Rxe8 25. Re1 h4 26. Rxe8 Nxe8 27. Ne2 hxg3 28.
Nxd4 cxd4 29. Be1 Nef6 30. b4 Ng4 31. Kxg3 Ne3 32. Qb2 Qh8 33. Bf2 Nf6 34. Bxe3
dxe3 35. Qe2 Nh5+ 36. Kf3 Qa1 37. Qxe3 Qh1+ 38. Ke2 Qh2+ 1/2-1/2

[Event "38th Nezhmetdinov Mem"]
[Site "Kazan RUS"]
[Date "2016.06.06"]
[Round "7.17"]
[White "Imashev, Ildar"]
[Black "Ponfilenok, Vladimir"]
[Result "1/2-1/2"]
[WhiteElo "2225"]
[BlackElo "2395"]
[WhiteFideId "4166337"]
[BlackFideId "24113522"]
[EventDate "2016.05.31"]

1. e4 e6 2. d4 d5 3. e5 c5 4. c3 Qb6 5. Nf3 Nc6 6. Be2 cxd4 7. cxd4 Nh6 8. b3
Bb4+ 9. Kf1 O-O 10. Bxh6 gxh6 11. a3 Be7 12. Nc3 f6 13. Na4 Qc7 14. exf6 Bxf6
15. Qd2 Qf7 16. Bb5 e5 17. Bxc6 e4 18. Bxd5 Qxd5 19. Nc3 Qf5 20. Ne5 Bxe5 21.
dxe5 Be6 22. Qe3 Bxb3 23. Nxe4 Bc4+ 24. Kg1 Qxe5 25. Re1 Rad8 26. Qg3+ Qg7 27.
f3 Rf5 28. Qxg7+ Kxg7 29. Kf2 Rd3 30. Rc1 Bd5 31. Rhe1 Rxa3 32. Nd6 Ra2+ 33. Kg1
Rg5 34. Re7+ Kg6 35. g4 Ra6 36. Nf5 Rxf5 37. gxf5+ Kf6 38. Rxh7 Kxf5 39. Rc3 Kf4
40. Rd3 Bc4 41. Rc3 b5 42. Rd7 Ra1+ 43. Kg2 Ra2+ 44. Kg1 Ra1+ 45. Kg2 Ra2+ 46.
Kg1 Ra1+ 1/2-1/2

[Event "38th Nezhmetdinov Mem"]
[Site "Kazan RUS"]
[Date "2016.06.06"]
[Round "7.18"]
[White "Obolentseva, Alexandra"]
[Black "Hasangatin, Ramil"]
[Result "1/2-1/2"]
[WhiteTitle "WFM"]
[BlackTitle "GM"]
[WhiteElo "2324"]
[BlackElo "2512"]
[WhiteFideId "24153648"]
[BlackFideId "4122160"]
[EventDate "2016.05.31"]

1. d4 Nf6 2. c4 g6 3. Nc3 d5 4. Nf3 Bg7 5. e3 O-O 6. cxd5 Nxd5 7. Bc4 Nb6 8. Bb3
Na6 9. O-O c5 10. Qe2 cxd4 11. exd4 Nc7 12. Bg5 Nbd5 13. Nxd5 Nxd5 14. Qb5 Nf6
15. Rfe1 Qd6 16. Qe5 h6 17. Qxd6 exd6 18. Bf4 d5 19. Re7 b6 20. Rc1 Be6 21. Rcc7
a6 22. Rb7 b5 23. h3 Rfe8 24. Rec7 Rec8 25. Ra7 g5 26. Rxc8+ Rxc8 27. Be3 g4 28.
Ne5 gxh3 29. gxh3 Ne4 30. Rxa6 Nc5 31. Rb6 Nxb3 32. axb3 Bxe5 33. dxe5 Rc2 34.
Bd4 Rd2 35. Bc3 Rd1+ 36. Kg2 d4 37. Rd6 Rd3 38. Bxd4 Bxh3+ 39. Kh2 Be6 40. b4
Kh7 41. Kg2 h5 42. Bc3 Rxd6 1/2-1/2

[Event "38th Nezhmetdinov Mem"]
[Site "Kazan RUS"]
[Date "2016.06.06"]
[Round "7.19"]
[White "Kharchenko, Boris"]
[Black "Murtazin, Bulat"]
[Result "1-0"]
[WhiteTitle "GM"]
[BlackTitle "FM"]
[WhiteElo "2467"]
[BlackElo "2319"]
[WhiteFideId "14113210"]
[BlackFideId "24151351"]
[EventDate "2016.05.31"]

1. e4 e5 2. Nf3 Nc6 3. Bb5 Nf6 4. d3 Bc5 5. c3 O-O 6. O-O d6 7. h3 Ne7 8. d4 Bb6
9. Re1 Ng6 10. Nbd2 Nh5 11. Nc4 c6 12. Nxb6 Qxb6 13. Bf1 Nhf4 14. Qc2 Kh8 15. g3
Ne6 16. Be3 exd4 17. cxd4 d5 18. h4 dxe4 19. d5 Qc7 20. dxe6 exf3 21. h5 Ne5 22.
exf7 Qxf7 23. Bc5 Nd7 24. Bxf8 Nxf8 25. h6 Be6 26. Qc3 Bd5 27. hxg7+ Qxg7 28.
Qxg7+ Kxg7 29. Re7+ Kf6 30. Rxb7 h5 31. b3 Ne6 32. Rh7 Nd4 33. Rxh5 Re8 34. Rd1
Ne2+ 35. Bxe2 Rxe2 36. Ra1 a5 37. Rh4 Be4 38. Rh8 c5 39. Rc8 Rc2 40. Rc7 a4 41.
bxa4 c4 42. a5 Ke5 43. a6 Kd6 44. Rc8 Kd7 45. Rb8 c3 46. Rb3 Kc7 47. a7 Bd5 48.
Ra3 Ba8 49. g4 Kd6 50. g5 Ke6 51. Re1+ Kf5 52. Ra5+ Kg6 53. Re3 Rc1+ 54. Kh2 Rf1
55. Rxc3 Rxf2+ 56. Kg1 Rb2 57. Rb3 Rc2 58. Rb6+ Kh5 59. g6+ Kh6 60. Re5 Rc1+ 61.
Kf2 Rc2+ 62. Kf1 Rc1+ 63. Re1 Rc7 64. Ra6 Kg7 65. Kf2 Rc2+ 66. Ke3 Rc7 67. Rh1
Re7+ 68. Kf4 Re8 69. Kg3 Rf8 70. Rh7+ Kg8 71. Rf7 Re8 72. Rb6 1-0

[Event "38th Nezhmetdinov Mem"]
[Site "Kazan RUS"]
[Date "2016.06.06"]
[Round "7.20"]
[White "Faizrakhmanov, Ramil"]
[Black "Ambartsumova, Karina"]
[Result "1/2-1/2"]
[WhiteTitle "FM"]
[BlackTitle "WGM"]
[WhiteElo "2422"]
[BlackElo "2307"]
[WhiteFideId "24103209"]
[BlackFideId "4166299"]
[EventDate "2016.05.31"]

1. d4 d5 2. c4 e6 3. Nc3 Be7 4. Nf3 Nf6 5. Bg5 O-O 6. e3 h6 7. Bxf6 Bxf6 8. h4
g6 9. g4 Bg7 10. g5 h5 11. Qd2 c6 12. Ne5 c5 13. cxd5 exd5 14. Bg2 Nc6 15. f4
cxd4 16. exd4 Ne7 17. Nd1 Nf5 18. Ne3 Be6 19. Nxf5 Bxf5 20. O-O f6 21. gxf6 Bxf6
22. Bf3 Bxh4 23. Qg2 Kh7 24. Bxd5 Qb6 25. Kh1 Qxd4 26. Rad1 Qb6 27. Be4 Rad8 28.
Rxd8 Bxd8 29. Rd1 Qf6 30. Bxf5 Qxf5 31. Qxb7+ Kh6 32. Qg2 Bc7 33. Qg5+ Qxg5 34.
fxg5+ Kxg5 35. Rg1+ Kh6 36. Rxg6+ Kh7 37. Rg5 Kh6 38. Rg6+ Kh7 39. Rg5 Kh6 40.
Rg6+ Kh7 1/2-1/2

[Event "38th Nezhmetdinov Mem"]
[Site "Kazan RUS"]
[Date "2016.06.06"]
[Round "7.21"]
[White "Pogorelskikh, Sergey"]
[Black "Tunik, Gennady"]
[Result "0-1"]
[WhiteTitle "FM"]
[BlackTitle "GM"]
[WhiteElo "2281"]
[BlackElo "2404"]
[WhiteFideId "4187024"]
[BlackFideId "4101219"]
[EventDate "2016.05.31"]

1. e4 c5 2. Nf3 e6 3. d4 cxd4 4. Nxd4 a6 5. c4 Nf6 6. Nc3 Qc7 7. a3 b6 8. Be3
Bb7 9. f3 Be7 10. Rc1 O-O 11. Be2 d6 12. O-O Nbd7 13. b4 Rac8 14. Qd2 Qb8 15.
Na4 Rfe8 16. Kh1 Bd8 17. Nb2 Bc7 18. Bg1 Ne5 19. Rc2 Ng6 20. Nd3 Nd7 21. Rb1 Ba8
22. a4 Nde5 23. Nc1 Bd8 24. c5 bxc5 25. Bxa6 Rc7 26. Bb5 Rf8 27. bxc5 Rxc5 28.
Rxc5 dxc5 29. Ndb3 c4 30. Nc5 Bf6 31. Ne2 Rc8 32. Nc3 Qc7 33. Rd1 h6 34. Be3 Rd8
35. Qc2 Rxd1+ 36. Nxd1 Bg5 37. Bd4 Be7 38. Na6 Qd8 39. Be3 f5 40. Nc3 f4 41. Bg1
Nh4 42. Bf2 Qc8 43. Ne2 Bb7 44. Bd4 Nexf3 45. gxf3 Bxa6 46. Qc3 Bxb5 47. axb5 e5
48. Bxe5 Qh3 49. Qxc4+ Kh7 50. Nxf4 Qxf3+ 51. Kg1 Qe3+ 52. Kf1 Nf3 53. Qc3 Nd2+
54. Kg2 Qxe4+ 55. Kf2 Bh4+ 0-1

[Event "38th Nezhmetdinov Mem"]
[Site "Kazan RUS"]
[Date "2016.06.06"]
[Round "7.22"]
[White "Isajevsky, Anton"]
[Black "Davydov, Sergey P."]
[Result "1-0"]
[WhiteTitle "FM"]
[BlackTitle "FM"]
[WhiteElo "2403"]
[BlackElo "2266"]
[WhiteFideId "4142500"]
[BlackFideId "4123182"]
[EventDate "2016.05.31"]

1. d4 Nf6 2. c4 c5 3. d5 e5 4. Nc3 d6 5. e4 Be7 6. Bd3 O-O 7. h3 Ne8 8. Nf3 a6
9. a3 Nd7 10. g4 Nc7 11. Bd2 Rb8 12. Qe2 Re8 13. b4 b6 14. Rb1 Rb7 15. O-O Ra7
16. Kg2 Nf8 17. bxc5 bxc5 18. Rb8 Nd7 19. Rb2 h6 20. Bc2 Nf8 21. Ba4 Bd7 22. Qd1
Ng6 23. Bxd7 Qxd7 24. Qa4 Qd8 25. Rfb1 Bg5 26. Bxg5 hxg5 27. Ne2 Qf6 28. Rb7
Rea8 29. Rxa7 Rxa7 30. Qd7 Kh7 31. Qc8 Qe7 32. Rb8 f6 33. Ng3 Nf4+ 34. Kh2 1-0

[Event "38th Nezhmetdinov Mem"]
[Site "Kazan RUS"]
[Date "2016.06.06"]
[Round "7.23"]
[White "Yagupov, Igor"]
[Black "Dmitriev, Igor"]
[Result "1/2-1/2"]
[WhiteTitle "GM"]
[BlackTitle "IM"]
[WhiteElo "2400"]
[BlackElo "2259"]
[WhiteFideId "4113632"]
[BlackFideId "4114833"]
[EventDate "2016.05.31"]

1. e4 d6 2. d4 Nf6 3. Nc3 c6 4. f4 Qa5 5. Bd3 e5 6. Nf3 Bg4 7. Be3 Nh5 8. h3
Bxf3 9. Qxf3 exf4 10. Bd2 g6 11. Nd5 Qd8 12. Nxf4 Nxf4 13. Bxf4 Bg7 14. c3 O-O
15. O-O d5 16. Rae1 a5 17. a4 Na6 18. exd5 cxd5 19. Bb5 Nb8 20. Qg3 Nc6 21. Bc7
Qd7 22. Bb6 Rfc8 23. Re2 Bf8 24. Rfe1 Bd6 25. Qf3 Re8 26. Rxe8+ Rxe8 27. Rxe8+
Qxe8 28. Kf2 Qe6 29. Bxc6 bxc6 30. Bxa5 Qe7 31. Bb6 h5 32. g3 Qg5 33. Qe3 Qf5+
34. Ke2 Qc2+ 35. Kf3 Qxa4 36. Bc5 Qd1+ 37. Kg2 Qc2+ 38. Qf2 Qe4+ 39. Kg1 Qb1+
40. Kh2 Bxc5 41. dxc5 Qe4 42. h4 Qc4 43. Qe3 Kh7 44. b4 Qf1 45. Qf4 Qe2+ 46. Kg1
Kg8 47. Qd4 Qe1+ 48. Kg2 Qe2+ 49. Kg1 Qe1+ 50. Kg2 Qe2+ 51. Qf2 Qd3 52. Qf6 Qe4+
53. Kf2 Qc2+ 54. Ke3 Qc1+ 55. Ke2 Qc2+ 56. Ke3 Qc1+ 57. Ke2 Qc2+ 58. Ke3 1/2-1/2